Interest Rate Sensitivity of Savings Accounts

Prehľad niekoľkých metodických prístupov zameraných na oblasť modelovania miery citlivosti sporiacich účtov a odhadov. Navrhnuté modely sú testované na súbore údajov českého bankového sektora. Riadenie úrokového rizika a správa zostatkov sporiacich účtov.

Gespeichert in:
Bibliographische Detailangaben
1. Verfasser: Witzany, Jiří
Weitere Verfasser: Diviš, Martin
Format: Buchkapitel
Sprache:Englisch
Schlagworte:
Tags: Tag hinzufügen
Keine Tags, Fügen Sie das erste Tag hinzu!

MARC

LEADER 00000naa a2200000 4500
001 0287683
005 20220912100826.2
041 0 |a eng 
044 |a SK 
245 1 0 |a Interest Rate Sensitivity of Savings Accounts  |c Jiří Witzany, Martin Diviš 
520 |a Prehľad niekoľkých metodických prístupov zameraných na oblasť modelovania miery citlivosti sporiacich účtov a odhadov. Navrhnuté modely sú testované na súbore údajov českého bankového sektora. Riadenie úrokového rizika a správa zostatkov sporiacich účtov. 
610 2 0 |a miera úroková 
610 2 0 |a účty finančné 
610 2 0 |a modely 
610 2 0 |a odhady 
610 2 0 |a banky 
610 2 0 |a Česko 
100 1 |a Witzany, Jiří 
700 1 |a Diviš, Martin